000 00844nam a2200193Ii 4500
003 JO-AjNU
008 230605s9999||||xx |||||||||||||| ||und||
040 _aJO-AjNU
_bara
_erda
_cJO-AjNU
041 _aara
050 1 4 _aLB2322.2 2013
100 3 _aالعسيري، خالد حسين سعيد,
_eauthor
_951981
245 0 0 _aإستراتيجية إستقطاب الكفاءة الأكاديمية لتحقيق الميزة التنافسية: نموذج مقترح لمنظمات التعليم العالي بالمملكة العربية السعودية
264 3 1 _aالقاهرة: جامعة الدول العربية، 2013
300 _a67ص
336 _atext
_btxt
_2rdacontent
337 _aunmediated
_bn
_2rdamedia
338 _avolume
_bnc
_2rdacarrier
650 4 _aالتعليم العالي - تنظيم وإدارة
_951982
999 _aA22999
_c26567
_d26567